| 000 | 01417nam a2200349Ia 4500 | ||
|---|---|---|---|
| 001 | ebr10716210 | ||
| 003 | CaPaEBR | ||
| 006 | m o u | ||
| 007 | cr cn||||||||| | ||
| 008 | 130321s2013 nju sb 001 0 eng d | ||
| 010 | _z 2012049906 | ||
| 020 | _z9780470541951 (hardback) | ||
| 020 | _z9781118641835 | ||
| 040 |
_aCaPaEBR _cCaPaEBR |
||
| 035 | _a(OCoLC)846495034 | ||
| 050 | 1 | 4 |
_aTP248.3 _b.B5879 2013eb |
| 082 | 0 | 4 |
_a660.6/3 _223 |
| 245 | 0 | 0 |
_aBioprocessing technologies in biorefinery for sustainable production of fuels, chemicals, and polymers _h[electronic resource] / _cedited by Shang-Tian Yang, Hesham El Enshasy, Nuttha Thongchul. |
| 260 |
_aHoboken, NJ : _bAIChE : _bJohn Wiley & Sons, Inc., _c2013. |
||
| 300 | _axxi, 465 p. | ||
| 504 | _aIncludes bibliographical references and index. | ||
| 533 |
_aElectronic reproduction. _bPalo Alto, Calif. : _cebrary, _d2013. _nAvailable via World Wide Web. _nAccess may be limited to ebrary affiliated libraries. |
||
| 650 | 0 | _aBiochemical engineering. | |
| 650 | 0 | _aMicrobiological synthesis. | |
| 650 | 0 | _aSustainable engineering. | |
| 655 | 7 |
_aElectronic books. _2local |
|
| 700 | 1 | _aYang, Shang-Tian. | |
| 700 | 1 | _aEl Enshasy, Hesham. | |
| 700 | 1 | _aThongchul, Nuttha. | |
| 710 | 2 | _aebrary, Inc. | |
| 856 | 4 | 0 |
_uhttp://site.ebrary.com/lib/rucke/Doc?id=10716210 _zAn electronic book accessible through the World Wide Web; click to view |
| 999 |
_c40226 _d40226 |
||